000 00515nam a2200193Ia 4500
003 OSt
005 20251211101641.0
008 250729s2005 xx 000 0 und d
040 _cAL
041 _akan
082 _a894.5 MUGK
100 _aಮುಗಳಿ ಶ್ರೀ ರಂ
_9226711
245 _aಕನ್ನಡ ಸಾಹಿತ್ಯ ಚರಿತ್ರೆ
260 _aಮೈಸೂರು
_c2005
300 _a356p
650 _aKannada
_9226712
700 _aRao Digumurthi
_9226713
942 _2ddc
_cBED
999 _c237395
_d237395